000 00385nam a2200133Ia 4500
005 20260328101457.0
008 260328s9999||||xx |||||||||||||| ||und||
100 _aMüller, Karlhans
245 0 _aLa Arquitectura del tráfico en la República Federal de Alemania /
_cKarlhans Müller
260 _bHeinz Moos Verlag
300 _a172 p.
650 _aARQUITECTURA REGIONAL
942 _cBK
999 _c8863
_d8863